John Dewey and the future of community college education
Guardat en:
| Autor principal: | |
|---|---|
| Format: | Llibre |
| Idioma: | anglès |
| Publicat: |
Bloomsbury P.
2015
|
| Etiquetes: |
Afegir etiqueta
Sense etiquetes, Sigues el primer a etiquetar aquest registre!
|
MARC
| LEADER | 00000nam a22000007a 4500 | ||
|---|---|---|---|
| 008 | 210908b ||||| |||| 00| 0 eng d | ||
| 020 | |a 9781441172921 | ||
| 100 | |a HARBOUR, Clifford P. | ||
| 245 | |a John Dewey and the future of community college education |c Clifford P. Harbour |e Bloomsbury |g VII, 178p. | ||
| 260 | |b Bloomsbury P. |c 2015 |h New York |i 696830 |i 696831 |l LB 875. D5H21 |m Dewey, John,1859 - 1952 - views on education |m Community Colleges |m Democracy and education |m Education -- Philosophy | ||
| 500 | |a It includes index | ||
| 942 | |a lcc |c BK |e ADEYEYE Y. S. |f 08 - 09 - 2021 | ||
| 952 | |0 0 |1 0 |2 lcc |4 0 |6 LB0875 D5 H21 |7 0 |9 3455 |a HOL |b HOL |c LP |d 2021-09-08 |l 0 |o LB 875 . D5H21 |p 2021-67168 |r 2021-09-08 00:00:00 |w 2021-09-08 |y BK | ||
| 952 | |0 0 |1 0 |2 lcc |4 0 |6 LB0875 D5 H21 |7 0 |9 3456 |a HOL |b ED |c LP |d 2021-09-08 |l 0 |o LB 875 . D5H21 |p 2021-67169 |r 2021-09-08 00:00:00 |w 2021-09-08 |y BK | ||
| 999 | |c 1720 |d 1720 | ||